Essex CC and Cory Sand and Ballast Co (Record no. 49691)

MARC details
000 -LEADER
fixed length control field 01097cab a2200193 4500
001 - CONTROL NUMBER
control field X84670
008 - FIXED-LENGTH DATA ELEMENTS--GENERAL INFORMATION
fixed length control field 090401t1997 xxu||||| |||| 00| 0 eng d
035 ## - SYSTEM CONTROL NUMBER
System control number (Sirsi) u79076
041 ## - LANGUAGE CODE
Language code of text/sound track or separate title eng
245 ## - TITLE STATEMENT
Title Essex CC and Cory Sand and Ballast Co
260 ## - PUBLICATION, DISTRIBUTION, ETC.
Date of publication, distribution, etc. 1997
350 ## - PRICE (NR) (BK AM CF MU VM SE) [OBSOLETE]
Price 0
490 ## - SERIES STATEMENT
Series statement Planning Appeal Decisions
Volume/sequential designation (1997) 12 PAD 238-249(12)
520 ## - SUMMARY, ETC.
Summary, etc. Decision letter 2 January 1997. Extension to existing sand and gravel workings - 17.8ha of open land - next to existing 267 ha workings - abutting Thames estuary -1 million tonnes of sand and gravel - ehether appropriate in Green Belt - character, appearance and nature conservation interest of coast - road access arrnagements - residential amenity - whether need outwieghed adverse circumstances - Development, Structure, Subject and Local plans - traffic generation - highway improvements - sterilisation - need for landfill facilties - sustainability - employment and the local economy - consitency.
650 ## - SUBJECT ADDED ENTRY--TOPICAL TERM
Topical term or geographic name entry element SAND AND GRAVEL WORKINGS
690 ## - LOCAL SUBJECT ADDED ENTRY--TOPICAL TERM (OCLC, RLIN)
Topical term or geographic name as entry element PLANNING LAW AND PRACTICE-CASE LAW
942 ## - ADDED ENTRY ELEMENTS (KOHA)
Suppress in OPAC 0
948 ## - LOCAL PROCESSING INFORMATION (OCLC); SERIES PART DESIGNATOR (RLIN)
c (OCLC) 19/06/1997
Holdings
Withdrawn status Lost status Source of classification or shelving scheme Damaged status Not for loan Home library Current library Shelving location Date acquired Total Checkouts Full call number Barcode Date last seen Copy number Price effective from Koha item type
    Dewey Decimal Classification     London London Journal article 14/09/1999   X84670 79076-1001 06/08/2019 1 06/08/2019 Law report